| 000 | 00587nam a2200145Ia 4500 | ||
|---|---|---|---|
| 008 | 170221s9999 xx 000 0 und d | ||
| 100 | _aOl'ga Nikolaevna Soboleva | ||
| 245 | _aFactors Affecting Innovations Development in Priority Industries of a Region | ||
| 245 | _cOl'ga Nikolaevna Soboleva, Tat'jana Alekseevna Burtseva, Aleksej Anatol'evich Nabokih, Anna Vladimirovna Shpengler | ||
| 260 | _bInternational Review of Management and Marketing | ||
| 260 | _c2016 | ||
| 300 | _a15 : 10 | ||
| 650 | _xMarketing. | ||
| 856 | _uhttp://www.econjournals.com/index.php/irmm/issue/view/83 | ||
| 999 |
_c312043 _d312043 |
||